[Event "ROU-chT Women Superliga 2018"]
[Site "Sovata"]
[Date "2018.11.29"]
[Round "5"]
[White "Patru, Alexandra-Ioana"]
[Black "Stanciu, Andreea-Briana"]
[Result "0-1"]
[WhiteElo "1631"]
[BlackElo "1953"]
[Annotator "NA RC"]
[PlyCount "139"]
[EventDate "2018.11.24"]
[EventType "team-tourn"]
[EventCountry "ROU"]
[SourceTitle "playchess.com"]
[Source "ChessBase"]
[SourceQuality "1"]
[TimeControl "40/5400+30:1800+30"]

1. d4 {[%emt 0:00:00]} Nf6 2. Nf3 {[%emt 0:00:01]} e6 {[%emt 0:00:43]} 3. c4 {[%emt 0:00:45]} d5 {[%emt 0:00:09]} 4. e3 {[%emt 0:00:07]} Nbd7 {[%emt 0:02:15]} 5. Bd3 {[%emt 0:03:16]} c6 {[%emt 0:00:35]} 6. Nbd2 {[%emt 0:04:26]} Be7 {[%emt 0:02:12]} 7. b3 {[%emt 0:00:52]} O-O {[%emt 0:00:10]} 8. Bb2 {[%emt 0:00:05]} b6 {[%emt 0:00:13]} 9. O-O {[%emt 0:00:09]} Bb7 {[%emt 0:00:44]} 10. Ne5 {[%emt 0:01:53]} Nxe5 {[%emt 0:02:32]} 11. dxe5 {[%emt 0:00:06]} Nd7 {[%emt 0:00:02]} 12. Qg4 {[%emt 0:09:39] D30: Queen's Gambit Declined: Systems without Nc3} (12. Qh5 g6 13. Qh3 Nc5 14. Bc2 f5 15. Rfd1 Qe8 16. cxd5 exd5 17. Nf3 Ne6 18. Nd4 Bc8 19. g4 c5 20. Nxe6 Bxe6 {½-½ (35) Prusikin,M (2552)-Novkovic,M (2413) Austria 2007}) 12... Nc5 $146 {[%emt 0:03:07]} ({Predecessor:} 12... c5 13. Rad1 Qc7 14. f4 g6 15. Nf3 Rad8 16. h4 Rfe8 17. h5 Nf8 18. f5 exf5 19. Bxf5 d4 20. exd4 Bxf3 21. Rxf3 cxd4 {1-0 (29) Castaneda,J (2228)-Trujillo Chaverra,F (2095) Medellin 2015}) 13. Bc2 {[%emt 0:00:35]} Qe8 {[%emt 0:05:51]} 14. f4 {[%emt 0:02:34]} f5 {[%emt 0:00:20]} 15. Qh3 {[%emt 0:03:25]} (15. exf6 $1 $14 Bxf6 16. Bxf6 Rxf6 17. Nf3) 15... a5 {[%emt 0:04:12]} 16. cxd5 {[%emt 0:06:25]} cxd5 {[%emt 0:01:34]} 17. Nf3 {[%emt 0:02:18]} Ne4 {[%emt 0:04:20]} 18. Bxe4 {[%emt 0:03:22]} dxe4 {[%emt 0:00:04]} 19. Nd4 {[%emt 0:00:13]} Bc5 {[%emt 0:03:44]} 20. Rfd1 {[%emt 0:01:47]} Bd5 {[%emt 0:00:35]} 21. a3 {[%emt 0:08:59]} Rc8 {[%emt 0:08:05]} 22. Rdc1 {[%emt 0:09:05]} Qe7 {[%emt 0:06:01]} 23. Qg3 {[%emt 0:06:25]} g6 {[%emt 0:11:00]} 24. Qe1 {[%emt 0:04:56]} h6 {[%emt 0:01:01]} 25. Qd1 {[%emt 0:15:09]} g5 {[%emt 0:02:42]} 26. g3 {[%emt 0:05:56]} gxf4 {[%emt 0:00:26]} 27. gxf4 {[%emt 0:00:49]} Kh7 {[%emt 0:05:26]} 28. Kh1 {[%emt 0:00:37]} Rg8 {[%emt 0:00:54]} 29. b4 {[%emt 0:05:17]} Qg7 {[%emt 0:04:31]} (29... Qh4 $19 {is more deadly.} 30. bxc5 bxc5 31. Nxe6 Qh3) 30. Qe2 {[%emt 0:03:44]} axb4 {[%emt 0:01:24]} 31. axb4 $17 {[%emt 0:00:06]} Bxb4 {[%emt 0:00:07]} 32. Rxc8 {[%emt 0:00:08]} Rxc8 {[%emt 0:00:07]} 33. Rg1 {[%emt 0:00:45]} Qf7 {[%emt 0:01:07]} 34. Qa6 {[%emt 0:01:27]} Rb8 {[%emt 0:00:15]} 35. Qb5 {[%emt 0:00:38]} Bc5 {[%emt 0:00:51]} 36. Qf1 {[%emt 0:00:26]} b5 {[%emt 0:04:35]} 37. Rg3 {[%emt 0:00:56]} Bc4 {[%emt 0:00:58]} 38. Qg2 {[%emt 0:00:26]} Rg8 {[%emt 0:01:35]} 39. Ba1 {[%emt 0:00:34]} Rxg3 {[%emt 0:00:22]} 40. hxg3 {[%emt 0:00:00]} Qh5+ {[%emt 0:00:00]} 41. Qh2 {[%emt 0:00:52]} Qxh2+ {[%emt 0:04:24]} 42. Kxh2 {[%emt 0:00:09]} b4 {[%emt 0:00:30]} 43. Bb2 {[%emt 0:00:17]} Kg6 {[%emt 0:00:25]} 44. Kh3 {[%emt 0:00:38]} Kh5 {[%emt 0:02:44]} 45. Kg2 {[%emt 0:01:16]} Kg4 {[%emt 0:00:30]} 46. Ba1 {[%emt 0:00:20]} b3 {[%emt 0:01:16]} 47. Bb2 {[%emt 0:00:04]} h5 {[%emt 0:01:26]} 48. Kf2 {[%emt 0:03:30]} h4 {[%emt 0:03:52]} 49. gxh4 {[%emt 0:00:06]} Kxh4 {[%emt 0:00:05]} 50. Nc6 {[%emt 0:01:15]} Kg4 {[%emt 0:01:17]} 51. Nd4 {[%emt 0:00:22]} Kh5 {[%emt 0:02:32]} 52. Nc6 {[%emt 0:04:07]} Kg6 {[%emt 0:02:00]} 53. Bc1 {[%emt 0:01:17]} Kf7 {[%emt 0:04:32]} 54. Nd8+ {[%emt 0:01:37]} Ke7 {[%emt 0:00:09]} 55. Nb7 {[%emt 0:00:19]} Bb4 {[%emt 0:00:20]} 56. Nd6 {[%emt 0:00:47]} Ba6 {[%emt 0:01:16]} 57. Bb2 {[%emt 0:01:03]} Bd2 {[%emt 0:01:24]} 58. Ba3 {[%emt 0:00:59]} Kd7 {[%emt 0:00:10]} 59. Bb2 {[%emt 0:00:05]} Kc6 {[%emt 0:00:28]} 60. Nf7 {[%emt 0:00:16]} Kd5 {[%emt 0:01:05]} 61. Nd6 {[%emt 0:00:50]} Kc5 {[%emt 0:00:55]} 62. Ba3+ {[%emt 0:00:28]} Kb6 {[%emt 0:00:43]} 63. Bb2 {[%emt 0:00:49]} Ka5 {[%emt 0:00:17]} 64. Nf7 {[%emt 0:00:23]} Kb4 {[%emt 0:00:43]} 65. Nd8 {[%emt 0:00:17]} Bc8 {[%emt 0:01:44]} 66. Nc6+ {[%emt 0:00:10] [#]} Kc4 $19 {[%emt 0:00:06]} 67. Nd4 {[%emt 0:02:05]} Bc3 {[%emt 0:00:19]} 68. Bc1 {[%emt 0:00:14]} b2 {[%emt 0:00:09]} 69. Bxb2 {[%emt 0:00:05]} Bxb2 {[%emt 0:00:04]} 70. Nc6 {[%emt 0:00:27] Kd4} 0-1

[Event "ROU-chT Women Superliga 2018"]
[Site "Sovata"]
[Date "2018.11.30"]
[Round "6"]
[White "Paehtz, Elisabeth"]
[Black "Javakhishvili, Lela"]
[Result "1/2-1/2"]
[WhiteElo "2495"]
[BlackElo "2477"]
[Annotator "TA"]
[PlyCount "50"]
[EventDate "2018.11.24"]
[EventType "team-tourn"]
[EventCountry "ROU"]
[SourceTitle "playchess.com"]
[Source "ChessBase"]
[SourceQuality "1"]

{[%evp 22,50,-4,-28,-12,-18,-20,-31,-4,-4,-6,-10,-4,-16,0,0,-6,-13,-4,-9,0,0,0,-19,0,0,0,-20,0,0,0]} 1. d4 Nf6 2. Nf3 b6 3. Bf4 Bb7 4. e3 g6 5. c4 Bg7 6. Nc3 d6 7. h3 O-O 8. Be2 Nbd7 9. O-O Ne4 10. Nxe4 Bxe4 11. Bh2 e5 12. Qd2 {LiveBook: 10 Games} Re8 {E61: King's Indian: Early deviations for White, including Smyslov System} 13. Rad1 (13. d5 Bxf3 14. Bxf3 e4 15. Bd1 Nc5 16. Rb1 a5 17. b3 f5 18. a3 Qf6 19. Bc2 h5 20. Qd1 {0-1 (44) Bogdanovich,S (2564)-Liu,Y (2479) Sanya City 2017}) 13... a5 $146 ({Predecessor:} 13... Bb7 14. dxe5 {½-½ (14) Cosma,E (2331)-Sgircea,S (2198) Olanesti 2018}) 14. Bg3 h6 {Black is slightly better.} 15. dxe5 {The position is equal.} Nxe5 16. Nd4 Nd7 17. Nb5 Nc5 18. f3 Bb7 19. Nc3 h5 20. Bf2 Bh6 21. Rfe1 Re5 22. Qd4 Bg7 23. Qd2 Bh6 24. Qd4 Bg7 25. Qd2 Bh6 {Precision: White = 71%, Black = 35%.} 1/2-1/2

[Event "ROU-chT Women Superliga 2018"]
[Site "Sovata"]
[Date "2018.11.30"]
[Round "6"]
[White "Bulmaga, Irina"]
[Black "Cosma, Elena-Luminita"]
[Result "1-0"]
[WhiteElo "2386"]
[BlackElo "2338"]
[Annotator "TA"]
[PlyCount "71"]
[EventDate "2018.11.24"]
[EventType "team-tourn"]
[EventCountry "ROU"]
[SourceTitle "playchess.com"]
[Source "ChessBase"]
[SourceQuality "1"]

{[%evp 21,71,15,41,21,26,33,60,48,71,83,96,33,38,34,43,29,37,31,60,45,50,49,44,33,57,34,159,158,215,219,212,216,216,221,178,185,254,272,265,203,316,302,487,485,1169,921,2037,1839,1452,406,406,268]} 1. e4 e6 2. d4 d5 3. Nc3 Nf6 4. Bg5 Be7 5. e5 Nfd7 6. Bxe7 Qxe7 7. f4 a6 8. Nf3 c5 9. Qd2 Nc6 10. dxc5 Qxc5 11. Bd3 Nb6 {LiveBook: 12 Games. C14: French: Classical System: 4 Bg5 Be7 main line} (11... b5 12. a3 O-O 13. Qf2 Ra7 14. Qxc5 Nxc5 15. Kd2 f5 16. Ne2 h6 17. Rhg1 g5 18. g4 Ne4+ 19. Ke3 Rg7 20. gxf5 {1-0 (66) Robson,R (2620)-Akobian,V (2616) Wheeling 2013}) 12. b3 Bd7 13. Ne2 Rc8 {White is slightly better.} 14. c3 a5 $146 ({Predecessor:} 14... h6 15. Rc1 O-O 16. Ned4 Nxd4 17. Nxd4 f6 18. exf6 Rxf6 19. a4 {½-½ (41) Vallejo Pons,F (2300)-Alvarado Ascanio,F (2135) Santa Cruz de Tenerife 1995}) 15. Rc1 f6 16. Ned4 (16. exf6 $16 gxf6 17. Nfd4) 16... Nxd4 $14 17. Nxd4 fxe5 18. fxe5 {0-0 is the strong threat.} O-O 19. Qe3 Rf7 20. Rf1 Rcf8 21. Rxf7 Rxf7 22. Ke2 Nc8 23. c4 {Black must now prevent Nxe6!} g6 {[#]} ({Black should play} 23... Ne7 $14) 24. Nxe6 $1 $16 {[%mdl 512]} Qxe3+ (24... Qb4 $16 {keeps fighting.} 25. h3 (25. cxd5 Ne7 $18) 25... Bxe6 26. cxd5 Bxd5 27. Rxc8+ Rf8 28. Rxf8+ Qxf8) (24... Bxe6 25. Qxc5) 25. Kxe3 $18 dxc4 26. Bxc4 Nb6 27. Nd4 Nxc4+ 28. Rxc4 {[%mdl 4096] Endgame Threatens to win with e6. KRB-KRN} Re7 (28... Rf1 $142 29. Rc7 Bf5) 29. Ke4 Kf7 30. Rc5 b6 (30... a4 $142 31. bxa4 Bxa4) 31. Rc1 Ke8 $2 (31... a4 {is a better defense.} 32. bxa4 Bxa4 33. e6+ Kf6 34. Rf1+ Kg7) 32. Kd5 Kd8 (32... b5 $142 33. e6 Bxe6+ 34. Nxe6 Rd7+ 35. Ke5 Rd2 36. Rc8+ Kf7 37. Rc7+ Ke8 38. Rxh7 Re2+ 39. Kf6 Rf2+ 40. Kxg6 Rxg2+ 41. Kf5 Rxa2 42. Nc7+ Kf8 43. Nxb5 Kg8) 33. e6 Be8 34. Kd6 Rb7 {[#]} 35. e7+ $1 {[%mdl 512]} Rxe7 36. Ne6+ {Precision: White = 67%, Black = 24%.} 1-0

[Event "ROU-chT Women Superliga 2018"]
[Site "Sovata"]
[Date "2018.11.30"]
[Round "6"]
[White "Sandu, Mihaela"]
[Black "L'Ami, Alina"]
[Result "1/2-1/2"]
[WhiteElo "2308"]
[BlackElo "2285"]
[Annotator "TA"]
[PlyCount "165"]
[EventDate "2018.11.24"]
[EventType "team-tourn"]
[EventCountry "ROU"]
[SourceTitle "playchess.com"]
[Source "ChessBase"]
[SourceQuality "1"]

{[%evp 22,165,0,0,44,26,35,0,2,9,30,33,29,28,38,37,28,37,37,22,25,26,35,24,55,30,45,42,39,0,7,0,0,0,0,0,0,0,0,0,0,0,0,0,0,-16,-2,-16,-19,-26,-16,-23,-26,-72,-72,-72,-72,-72,-72,-72,-72,-72,-68,-81,-81,-81,-81,-81,-81,-81,-81,-81,-81,-81,-81,-81,-81,-81,-81,-338,-81,-81,-36,-36,-36,-36,-36,-36,-36,-36,-4,-4,-4,-46,-4,-8,-4,-11,-4,-4,-4,-4,-4,-4,-2,-4,-4,-4,-4,-4,-4,-29975,-29976,-29978,-4,-4,-3,-3,-3,-4,-4,-4,-3,-4,-4,-4,-4,-4,-4,-4,0,0,0,-1,-2,-4,0,-4,0,0,-2,-2,0,-3,-3,-3]} 1. e4 c5 2. Nf3 d6 3. d4 cxd4 4. Nxd4 Nf6 5. Nc3 a6 6. Be3 e5 7. Nf3 Qc7 8. a4 h6 9. Be2 {B90: Sicilian Najdorf: Unusual White 6th moves, 6 Be3 Ng4 and 6 Be3 e5} (9. a5 Be6 10. Nd5 Nxd5 11. exd5 Bf5 12. c4 Nd7 13. Be2 Be7 14. O-O O-O 15. b4 Bh7 16. Rc1 Rac8 17. Qb3 Kh8 18. Nd2 {1-0 (53) Karthikeyan,M (2609)-Fedoseev,V (2707) Abu Dhabi 2018}) 9... Be6 10. O-O Nbd7 11. a5 Qc6 12. Nd2 {LiveBook: 8 Games} d5 13. exd5 Nxd5 14. Nxd5 Bxd5 15. Bf3 Be7 $146 ({Predecessor:} 15... Bxf3 16. Qxf3 Qxf3 17. Nxf3 {1-0 (48) Korneev,O (2594)-Tomerlin,S (2216) Skopje 2017}) 16. Bxd5 Qxd5 17. Qg4 Nf6 18. Qa4+ ({Don't blunder} 18. Qxg7 $2 Rg8 $19) 18... Qd7 19. Nc4 Qxa4 20. Rxa4 Nd7 21. Rd1 Rd8 22. Raa1 O-O 23. Rd5 f6 24. Rad1 Nb8 25. Nb6 Kf7 26. c4 Nc6 27. Nd7 Rfe8 28. Kf1 Bb4 29. Bd2 Bxd2 30. R1xd2 Ke7 31. Nc5 Nxa5 32. Rd7+ Rxd7 33. Rxd7+ $11 {[%mdl 4096] Endgame KRN-KRN} Kf8 34. Nxb7 Nxc4 35. b3 Na3 36. Nd6 Rb8 37. Ra7 Nb5 38. Rxa6 Nxd6 39. Rxd6 Rxb3 $17 {KR-KR} 40. h4 Ke7 41. Ra6 Rd3 42. g3 h5 43. Ke2 Rd6 44. Ra7+ Rd7 45. Ra6 g6 46. Ke3 Rd6 47. Ra7+ Ke6 48. Ra8 Rb6 49. Rg8 Kf5 50. Rf8 $2 {[%mdl 8192] [#]} (50. Ke2 $17) 50... Rb3+ $2 (50... Kg4 $1 $19 {and Black stays clearly on top. And now ...f5 would win.} 51. Re8 Kh3) 51. Ke2 e4 52. Re8 Rb5 53. Rf8 Rb6 54. Rg8 Ra6 55. Rg7 g5 56. hxg5 fxg5 57. Kf1 Re6 58. Rf7+ Rf6 59. Re7 h4 60. gxh4 gxh4 61. Rh7 Kg5 {White must now prevent ...e3.} 62. Re7 Rf4 63. Ke2 h3 64. Kf1 Rh4 {( -> ...h2)} 65. Kg1 Kf4 66. Kh2 $2 {[%mdl 8192] [#]} (66. Rf7+ $11 Ke5 67. Re7+ Kf6 68. Re8) 66... Kf3 $1 {[%cal Rf3f2]} 67. Kg1 Rg4+ $2 (67... h2+ {mates} 68. Kh1 Kxf2 69. Rh7 Rf4 70. Rh4 Kf3 71. Rh3+ Ke2 72. Rg3 e3 73. Kxh2 Kd2 74. Rg1 e2 75. Kg3 Rf1 76. Rg2 Ke3 77. Rxe2+ Kxe2 78. Kg4 Ke3 79. Kg5 Ke4 80. Kg6 Ke5 81. Kg5 Rg1+ 82. Kh4 Kf4 83. Kh5 Rg4 84. Kh6 Kf5 85. Kh5 Re4 86. Kh6 Re7 87. Kh5 Rh7#) 68. Kf1 $1 $11 {The position is equal.} Rf4 69. Rh7 Kg4 70. Rg7+ Kf5 {Strongly threatening ...Rh4.} 71. Rh7 Rf3 {With the idea ...e3.} 72. Ke2 Ra3 73. Rh8 $1 Kg6 74. Rh4 Kg5 75. Rh8 $1 Rf3 76. Rg8+ Kh6 77. Rh8+ Kg6 78. Rh4 Kf5 79. Rh8 Ke5 80. Re8+ Kd4 81. Rd8+ Kc3 82. Rc8+ Kb2 83. Re8 {Accuracy: White = 59%, Black = 64%.} 1/2-1/2

[Event "ROU-chT Women Superliga 2018"]
[Site "Sovata"]
[Date "2018.11.30"]
[Round "6"]
[White "Sgircea, Silvia-Raluca"]
[Black "Ciungan, Diana-Alexandra"]
[Result "1-0"]
[WhiteElo "2259"]
[BlackElo "1863"]
[Annotator "TA"]
[PlyCount "65"]
[EventDate "2018.11.24"]
[EventType "team-tourn"]
[EventCountry "ROU"]
[SourceTitle "playchess.com"]
[Source "ChessBase"]
[SourceQuality "1"]

{[%evp 11,65,20,30,9,7,5,8,9,12,11,28,10,66,43,50,45,75,39,29,32,47,43,83,78,109,105,147,60,64,54,245,79,163,143,156,78,87,59,141,92,133,119,112,72,122,68,37,54,784,781,771,771,1363,1320,29992,29993]} 1. Nf3 d5 2. e3 e6 3. c4 c6 4. b3 f5 5. Qc2 (5. g4 Qf6 6. d4 fxg4 7. Ne5 Nh6 8. Nxg4 Bb4+ 9. Bd2 Nxg4 10. Qxg4 Bxd2+ 11. Nxd2 O-O 12. Qg3 c5 13. cxd5 exd5 14. Bg2 {½-½ (14) Alekseev,E (2620)-Gleizerov,E (2492) Kazan 2018}) 5... Nf6 6. Bb2 {A11: English Opening: 1...c6} Bd6 {LiveBook: 3 Games} 7. g3 O-O 8. Bg2 {The position is equal.} Qe7 9. d4 b6 $146 ({Predecessor:} 9... Bd7 10. a3 Be8 11. Ne5 Nbd7 12. Nd2 Bh5 13. O-O {1-0 (54) Baratz,A-Romi,M Paris 1938}) 10. O-O Bb7 11. Nbd2 c5 (11... Nbd7 $11) 12. cxd5 $14 Bxd5 13. Nc4 cxd4 14. Nxd4 Bxg2 15. Kxg2 Rc8 {Black wants to play ...b5!} 16. Rac1 Na6 17. Qe2 Nc5 18. Rfd1 {And now Nxf5! would win.} Nb7 19. a3 ({White should play} 19. Nb5 $16 {[%cal Rb5d6]} Bc5 20. Qf3) 19... Bc5 20. Nf3 Nd6 $2 ({Black should try} 20... b5 $1 $14) 21. Nce5 $2 (21. b4 $18) 21... Nf7 (21... Nde4 $16) 22. b4 {[%cal Bb3b4,Bb4b5][%mdl 32] [#] Black must now prevent Nxf7.} Bd6 23. Nc6 (23. Nxf7 $142 Kxf7 24. Rc4) 23... Qb7 24. b5 Bc5 (24... Ne4 $14) 25. Qc4 {Threatens to win with Bxf6.} Re8 26. a4 $36 {[%mdl 2048] White is on the roll.} Rac8 27. Rd3 a6 28. Rcd1 ({Better is} 28. Bxf6 $16 gxf6 29. Qh4) 28... axb5 29. axb5 {aiming for Bxf6.} Nd6 $2 {[%mdl 8192] [#]} (29... Rxc6 $14 30. bxc6 Qxc6) 30. Rxd6 $18 Bxd6 31. Rxd6 Nd5 32. Ng5 Nc7 33. Rd7 {Accuracy: White = 44%, Black = 23%.} 1-0

[Event "ROU-chT Women Superliga 2018"]
[Site "Sovata"]
[Date "2018.11.30"]
[Round "6"]
[White "Ionica, Iulia-Ionela"]
[Black "Baciu, Anca-Otilia"]
[Result "1-0"]
[WhiteElo "2139"]
[BlackElo "1998"]
[Annotator "TA"]
[PlyCount "57"]
[EventDate "2018.11.24"]
[EventType "team-tourn"]
[EventCountry "ROU"]
[SourceTitle "playchess.com"]
[Source "ChessBase"]
[SourceQuality "1"]

{[%evp 25,57,29,43,48,42,49,99,100,146,142,221,214,219,213,215,197,323,315,522,516,659,482,825,174,162,133,141,137,29993,29994,29997,29998,29998,29999]} 1. e4 c5 2. Nf3 e6 3. d4 cxd4 4. Nxd4 Nf6 5. Nc3 d6 6. Be2 a6 7. O-O Be7 8. f4 Qc7 9. Kh1 Nc6 10. Be3 O-O 11. Qe1 Bd7 12. Qg3 Rfe8 13. Rae1 {B85: Sicilian Scheveningen: 6 Be2 a6, lines with early Be3} Bf8 {LiveBook: 6 Games} (13... b5 14. a3 Bf8 15. Bd3 Nxd4 16. Bxd4 Nh5 17. Qh4 g6 18. f5 Bc6 19. Be2 e5 20. Be3 Nf4 21. Bxf4 exf4 22. Qxf4 {1-0 (51) Fedorchuk,S (2673)-Dourerassou,J (2473) Bastia 2014}) 14. Bd3 Rac8 15. a3 {White is slightly better.} g6 $146 ({Predecessor:} 15... b5 16. Nxc6 Bxc6 17. e5 Nd5 18. Ne4 g6 19. Bd4 dxe5 20. fxe5 Rcd8 {1-0 (29) Umudova,N (2267)-Krstulovic,A (2235) Budapest 2015}) 16. Qh4 Be7 {[#] aiming for ...Nxe4!} 17. f5 $1 {Strongly threatening fxg6.} Nd5 (17... Nxd4 $16 {is a better defense.} 18. Bxd4 e5) 18. Bg5 $18 ({And not} 18. Nxd5 Bxh4 19. Nxc7 Rxc7 $11) 18... Bxg5 19. Qxg5 Nxd4 20. fxg6 $40 {[%mdl 128] White is out for blood.} hxg6 (20... fxg6 $142 21. exd5 Qd8) 21. exd5 {Bxg6! would kill now.} Nf5 $2 (21... Qd8 22. Rf6 Nf5) 22. Ne4 {[%cal Bc3e4,Be4f6,Bf6h5][%mdl 32]} Kg7 {If Black can now play ...Qd8 this consolidates a bit.} 23. Nf6 Rh8 (23... Qd8 $142 24. Nxe8+ Bxe8 25. Qxd8 Rxd8 26. dxe6 fxe6 27. Rxe6 Bf7) 24. Bxf5 $2 (24. Nxd7 Qd8 25. Rxf5 Qxg5 26. Rxg5) 24... exf5 25. Re7 Qc4 {[%cal Rc4f1] [#]} 26. Rfe1 $1 {White wants to mate with Nh5+!} Bb5 $2 {[%mdl 8192] [#]} (26... Qh4 $16 27. Qxh4 Rxh4) 27. Nh5+ $1 {[%mdl 576] Pin. White mates.} Kf8 {[#]} (27... Rxh5 28. Rxf7+) 28. Rxf7+ $1 {[%mdl 512]} Kxf7 29. Qe7+ {Accuracy: White = 85%, Black = 20%.} 1-0

[Event "ROU-chT Women Superliga 2018"]
[Site "Sovata"]
[Date "2018.11.30"]
[Round "6"]
[White "Yugina, Maria"]
[Black "Didiliuc, Dariana-Gabriela"]
[Result "1/2-1/2"]
[WhiteElo "2129"]
[BlackElo "1784"]
[Annotator "TA"]
[PlyCount "93"]
[EventDate "2018.11.24"]
[EventType "team-tourn"]
[EventCountry "ROU"]
[SourceTitle "playchess.com"]
[Source "ChessBase"]
[SourceQuality "1"]

{[%evp 19,93,-19,-11,-7,-15,-11,-4,-50,-16,-15,0,0,3,0,0,-27,-36,-59,-62,-54,-47,-47,-47,-52,0,0,43,-17,40,-24,35,-68,30,0,0,0,57,64,177,-27,27,-22,0,0,47,42,62,0,120,121,145,-20,-29,-201,-192,-156,-66,-64,0,0,0,0,0,-29,9,8,40,59,40,-37,0,0,47,-24,0,0]} 1. d4 Nf6 2. Nf3 c5 3. e3 d5 4. Bd3 Nc6 5. Nbd2 cxd4 6. exd4 {D04: Colle System} Bg4 7. h3 Bh5 8. c3 e6 9. O-O Bd6 10. Re1 O-O {LiveBook: 5 Games} 11. g4 (11. Nf1 Qc7 12. Bg5 Nd7 13. Bh4 Bg6 14. Bg3 Bxd3 15. Qxd3 h6 16. Bxd6 Qxd6 17. Ng3 Rae8 {½-½ (17) Potapov,P (2493)-Motylev,A (2663) Tallinn 2016}) 11... Bg6 12. Bxg6 hxg6 13. Ne5 Qc7 {[%cal Rc6e5]} (13... Bxe5 $5 14. dxe5 Nd7 $15) 14. Qe2 Nd7 {[%cal Rd7e5]} 15. Ndf3 $146 Rfe8 16. Bd2 Nf8 17. Qd3 Ne7 18. Qc2 f6 19. Nd3 g5 20. Re2 Neg6 21. Rae1 Nf4 (21... Rab8 $15) 22. Bxf4 $11 gxf4 23. Qb3 (23. Kh1 $14) 23... Re7 (23... g5 $11 24. Qc2 Qd7) 24. a3 (24. Kh1 $14) 24... Rae8 (24... g5 $11) 25. Qa2 (25. g5 $14) 25... b5 ({Better is} 25... g5 $15) 26. Qb3 Qc4 27. Qc2 Nd7 (27... Qc7 $11) 28. Nh4 $14 Nf8 {[#]} (28... e5 $14) 29. Qd2 $2 ({White must play} 29. Nc5 $1 $18 {[%mdl 512]} b4 (29... Bxc5 30. b3) 30. axb4) 29... Qc7 (29... g5 $142 30. Nf3 Ng6) 30. Nf3 (30. g5 $5) 30... g5 31. b4 Ng6 32. Nc5 Bxc5 33. dxc5 (33. Qd3 $1 $14 Kg7 34. dxc5) 33... Qd8 (33... Qd7 $11 {keeps the balance.}) 34. Qd3 Kf7 35. Qxb5 $2 (35. Nd4 $16) 35... Rh8 $11 36. Kg2 $2 (36. Qd3 $11 e5 37. c4) 36... e5 $19 {[%mdl 1024] Black has strong compensation.} 37. Ng1 Nh4+ (37... e4 $17 38. f3 Ne5) 38. Kf1 $1 $15 f3 ({Black should play} 38... e4 $15 39. c6 Qd6) 39. Rd2 $36 {[%mdl 2048] Threatens to win with c6. White has good play.} Ng2 40. Red1 Nf4 41. c6 {[%cal Rd2d5]} Qc8 42. Rxd5 $1 {aiming for Rd7.} Nxd5 (42... a6 $5 {[%cal Ra6b5]} 43. Qc5 Nxd5 44. Rxd5 Re6 $11) 43. Qxd5+ Re6 44. Qd7+ (44. b5 $14 a6 45. Qe4 (45. Qxf3 axb5 46. Rd7+ Kf8 $15) 45... axb5 46. Rd7+ Re7 47. Qd5+ Ke8 48. Nxf3) 44... Re7 (44... Qxd7 $15 45. cxd7 Rd8 46. Nxf3 Ra6) 45. Qd5+ $14 Re6 46. Qd7+ ({White should try} 46. b5 $14 e4 47. Rd4) 46... Re7 47. Qd5+ {Precision: White = 32%, Black = 33%.} 1/2-1/2